LEADER 01008nam a2200241 i 4500 001 000000181264 003 CaOOAMICUS 005 20090828000000.0 008 090828s1982 it u000 u ita u 013 $a159096 040 $aSeMil$bita 245 10$aLeggenda di Santo Galgano confessore /$cTesto volgare inedito del 14. secolo edito a cura di Franco Cardini. 260 $aSiena :$bCantagalli,$c1982. 300 $a111 p. ;$c18 cm. 490 0 $aI classici cristiani 650 4$aGalgano - Leggenda arturiana.$0(OLS)http://semarc/subject/34398 700 1 $aCardini, Franco,$d<1940- >.$0(OLS)http://semarc/name/321 830 2$aI classici cristiani.$0(OLS)http://semarc/title/386 850 $aSeMil 852 $aSeMil$W1$xVenegono$y1$m2S I 531$j132005$B132005$CSeMilBibl$Z2$F143806 $81 961 $aOmaggio: Altro 996 $6245$aLeggenda di Santo Galgano confessore$9(OLS)http://semarc/title/260236 996 $6260$aSiena :$bCantagalli$9(OLS)http://semarc/publisher/29767